| 000 | 00761nam a2200217Ia 4500 | ||
|---|---|---|---|
| 003 | GCL | ||
| 008 | 140319s9999 xx 000 0 ara d | ||
| 020 | _a7111402977 | ||
| 040 |
_aGCL / _cGCL |
||
| 082 | 0 | 4 |
_a808.068 _bه ا |
| 100 | 1 | _aهادى نعمان الهيتى | |
| 245 | 1 | 0 |
_aادب الاطفال: فلسفتة, فنونه, وسائطه / _cهادى نعمان الهيتى |
| 260 |
_aالقاهرة : _bالهيئة المصرية العامة للكتاب ، _c1986 |
||
| 300 |
_a413 ص ؛ _c24 سم |
||
| 490 |
_aالالف كتاب الثانى _v30 |
||
| 650 | 0 | 4 | _aادب الاطفال |
| 650 | 0 | 4 | _aكتب الاطفال |
| 650 | 0 | 4 | _aالاطفال - فن |
| 650 | 0 | 4 | _aادب الاطفال - تاريخ ونقد |
| 942 |
_2ddc _cBK |
||
| 999 |
_c28682 _d28682 |
||